Normal view MARC view

Entry Nome pessoal

Number of records used in: 1

001 - NÚMERO DE CONTROLE

  • campo de controle: 230

003 - IDENTIFICADOR DO NÚMERO DE CONTROLE

  • campo de controle: DLC

005 - DATA E HORÁRIO DA ÚLTIMA TRANSAÇÃO

  • campo de controle: 20250127082314.0

008 - CAMPO DE DADOS FIXOS

  • campo de controle de tamanho fixo: 120216n| azannaabn |n aaa c

010 ## - NÚMERO DE CONTROLE DA LIBRARY OF CONGRESS

  • Número de controle da LC: no2012023235

035 ## - NÚMERO DE CONTROLE DO SISTEMA

  • Número de Controle do Sistema: (OCoLC)oca09118328

040 ## - FONTE DA CATALOGAÇÃO

  • Instituição da catalogação original: MiFliG
  • Idioma da catalogação: eng
  • Fontes convencionais de descrições de dados: rda
  • Instituição que transcreveu o registro: MiFliG
  • Instituição que modificou o registro: DLC

053 #0 - NÚMERODE DE CLASSIFICAÇÃO DA BIBLIOTECA DO CONGRESSO AMERICANO (LIBRARY OF CONGRESS - LC)

  • Número da classificação, número único do elemento ou número inicial do período: PS3603.A7335

100 1# - CABEÇALHO--NOME PESSOAL

  • Nome pessoal: Cardello, Ruth

670 ## - FONTE POSITIVA DOS DADOS

  • Citação da fonte positiva dos dados: Maid for the billionaire, 2011:
  • Dados encontrados na fonte localizada no subcampo: t.p. (Ruth Cardello)

670 ## - FONTE POSITIVA DOS DADOS

  • Citação da fonte positiva dos dados: The wild one, 2020:
  • Dados encontrados na fonte localizada no subcampo: t.p. (Ruth Cardello) p. 237 (author of the Westerly Billionaire novels and the Broken one in the Corisi Billionaires series; lives in Massachusetts)

Powered by Koha